LEADER 02909nam 2200577 450 001 9910820417903321 005 20230817191133.0 010 $a3-11-056245-6 010 $a3-11-056255-3 024 7 $a10.1515/9783110562552 035 $a(CKB)4100000007211494 035 $a(MiAaPQ)EBC5754662 035 $a(DE-B1597)487680 035 $a(OCoLC)1083626765 035 $a(DE-B1597)9783110562552 035 $a(Au-PeEL)EBL5754662 035 $a(OCoLC)1099316885 035 $a(EXLCZ)994100000007211494 100 $a20190509d2019 uy 0 101 0 $aeng 135 $aurcnu|||||||| 181 $ctxt$2rdacontent 182 $cc$2rdamedia 183 $acr$2rdacarrier 200 10$aPhosphorus chemistry $ethe role of phosphorus in prebiotic chemistry /$fYufen Zhao [and three others] 210 1$aBerlin ;$aBoston :$cDe Gruyter :$cXiamen University Press,$d[2019] 210 4$d©2019 215 $a1 online resource (182 pages) 311 $a3-11-056237-5 327 $tFrontmatter -- $tForeword -- $tPreface I -- $tPreface II -- $tContents -- $t1. The international background of the origin of life -- $t2. Why nature chose ?-amino acids? -- $t3. N-Phosphoryl amino acids - models for P-N bonds in prebiotic chemical evolution -- $t4. Nucleoside-protein coevolution and the origin of genetic code -- $t5. The phosphoryl transfer reactions of phosphoryl amino acids -- $t6. The research progress of chiral pentacoordinate spirophosphoranes with bis-?-amino acid bonds -- $t7. A new theoretical model for the origin of amino acid homochirality -- $t8. N-Phosphoryl amino acids and the origin of cell membranes -- $t9. The potential evolution prototype of modern enzyme: Discovery of seryl-histidine dipeptide and its function -- $t10. The interaction between ATP and amino acids -- $t11. Marine and the origin of life 330 $aThe book is the first thorough study of the role of phosphorus chemistry in the origin of life. This book starts with depiction of the phosphorus role in life creation and evolution. Then it outlines in vital processes how different phosphorus-containing compounds participate as biomarker in life evolution. Written by renowned scientists, it is suitable for researchers and students in organic phosphorus chemistry and biochemistry. 606 $aPhosphorus 610 $aBiochemistry. 610 $aInorganic Chemistry. 610 $aOrganophosphorus Compounds. 610 $aPhosphorus Chemistry. 610 $aPhosphorus. 615 0$aPhosphorus. 676 $a546.712 700 $aZhao$b Yufen$01678342 701 $aXiamen University Press$01678343 702 $aGao$b Xiang, 702 $aLiu$b Yan, 702 $aXu$b Pengxiang, 801 0$bMiAaPQ 801 1$bMiAaPQ 801 2$bMiAaPQ 906 $aBOOK 912 $a9910820417903321 996 $aPhosphorus chemistry$94045912 997 $aUNINA LEADER 02064nam0 22005053i 450 001 UFI0342685 005 20251003044429.0 010 $a8845310132 100 $a20130827d2000 ||||0itac50 ba 101 | $aita 102 $ait 181 1$6z01$ai $bxxxe 182 1$6z01$an 183 1$6z01$anc$2RDAcarrier 200 1 $aInternet marketing$estrategie di mercato e di comunicazione sul web$fGiampiero Di Carlo 205 $a2. ed. ampliata e aggiornata 210 $aMilano$cETAS$d2000 215 $a323 p.$cill.$d22 cm. 225 | $aMarketing e vendite 410 0$1001UBO2799450$12001 $aMarketing e vendite 606 $aCommercio elettronico$2FIR$3CFIC108304$9E 606 $aInternet $xImpiego nel marketing$2FIR$3LO1C413411$9I 676 $a004.67$9$v21 676 $a658.8$9GESTIONE DELLA DISTRIBUZIONE (MARKETING)$v12 676 $a658.8$9Gestione della diatribuzione (marketing)$v20 676 $a658.8$9GESTIONE DELLA DISTRIBUZIONE (MARKETING)$v21 676 $a658.8002854678$9$v21 676 $a658.8400285$9CANALI COMMERCIALI. USO DI ELABORATORI$v21 696 $aE-commerce$aCommercio online$aEcommerce$aCommercio on-line 696 $aMarketing$aImpiego 699 $aCommercio elettronico$yE-commerce 699 $aCommercio elettronico$yCommercio online 699 $aCommercio elettronico$yEcommerce 699 $aCommercio elettronico$yCommercio on-line 699 $aImpiego nel marketing$xMarketing$xImpiego 700 1$aDi Carlo$b, Giampiero$3LO1V169904$4070$0117292 801 3$aIT$bIT-000000$c20130827 850 $aIT-BN0095 $aIT-NA0079 901 $bNAP 01$cAZ $n$ 901 $bNAP BN$cS.MOD $nLa consegna dei documenti è effettuata dall'Ufficio Distribuzione 912 $aUFI0342685 950 0$aBiblioteca Centralizzata di Ateneo$c1 v.$d 01AZ (AR) 30 266$e 01AR 0700302665 VMA 1 v.$fY $h20150223$i20150223 977 $a 01$a BN 996 $aInternet marketing$964165 997 $aUNISANNIO